| 000 | 00797nam a2200229Ia 4500 | ||
|---|---|---|---|
| 003 | GCL | ||
| 008 | 140319s9999 xx 000 0 ara d | ||
| 040 |
_aGCL / _cGCL |
||
| 082 | 0 | 4 |
_a956.903 _bم ب |
| 100 | 1 | _aمحمد احمد كنعان | |
| 245 | 1 | 0 |
_aبنو اسرائيل واليهود : _bتاريخ ومصير / _cمحمد احمد كنعان |
| 250 | _aالثالثة | ||
| 260 |
_aبيروت : _bدار البشائر الاسلامية ، _c2002 |
||
| 300 |
_a159 ص ؛ _c18 سم |
||
| 650 | 0 | 4 | _aالنزاع العربى الاسرائيلى |
| 650 | 0 | 4 | _aالصهيونية |
| 650 | 0 | 4 | _aاليهودية والدولة |
| 650 | 0 | 4 | _aاليهود - تاريخ |
| 650 | 0 | 4 | _aاليهود - مستعمرات |
| 650 | 0 | 4 | _aالكنيسة واليهودية |
| 942 |
_2ddc _cBK |
||
| 999 |
_c8134 _d8134 |
||